000 00582nam a2200169Ia 4500
008 090711s9999 xx 000 0 und d
082 _b62940
100 _aनिरंतर गंगाधर भा.
245 _aमधुघट- सुगंधा
260 _bव्हिनस प्रकाशन
_c1946
300 _a146+105
600 _aनिरंतर गंगाधर भा.
630 _aमधुघट- सुगंधा
700 _aनिरंतर गंगाधर भा.
730 _aमधुघट- सुगंधा
942 _cBOOK
999 _c291867
_d291867